000 00372nam a2200145Ia 4500
005 20250702023812.0
008 240331s9999 xx 000 0 und d
082 _bPAN
_a392
100 _aPannyathissa thera Balummahara
245 0 _aCharithra warithra chakraya
260 _aColombo
_bYama Vardhana
_c1992
300 _a183 p .,
500 _aThe ritual cycle
942 _cL
999 _c5068
_d5068